[Event "Southern California-ch cand"]
[Site "Garden Grove"]
[Date "2006.06.25"]
[Round "4"]
[White "Tan, Derek J"]
[Black "Clawitter, Craig"]
[Result "0-1"]
[WhiteElo "2062"]
[BlackElo "2136"]
[PlyCount "102"]
[EventDate "2006.06.24"]
[EventType "swiss"]
[EventRounds "4"]
[EventCountry "USA"]
[SourceTitle "EXT 2014"]
[Source "ChessBase"]
[SourceDate "2013.11.20"]
[SourceVersion "1"]
[SourceVersionDate "2013.11.20"]
[SourceQuality "1"]

1. e4 c5 2. Nf3 d6 3. d4 cxd4 4. Nxd4 Nf6 5. Nc3 g6 6. Be3 Bg7 7. f3 Nc6 8. Qd2 0-0 9. Bc4 Qa5 10. 0-0-0 Bd7 11. g4 Rfc8 12. Bb3 Ne5 13. Kb1 b5 14. g5 Ne8 15. Nd5 Qxd2 16. Rxd2 Kf8 17. h4 e6 18. Nc3 a5 19. a3 b4 20. axb4 axb4 21. Na2 Rab8 22. Rdd1 Ke7 23. Rhe1 Nc7 24. f4 Ng4 25. Bg1 e5 26. Ne2 exf4 27. Nxf4 Ne5 28. Rf1 Bc6 29. Nd3 Ne6 30. Bd5 b3 31. Nc3 bxc2+ 32. Kxc2 Bb5 33. Nxe5 Bxe5 34. Ba7 Ba4+ 35. Kd3 Bxd1 36. Bxb8 Rxb8 37. Nxd1 Nf4+ 38. Kc2 Nxd5 39. exd5 Rb4 40. Nc3 Rxh4 41. Rb1 Rh2+ 42. Kd3 Rh3+ 43. Kc4 Rh4+ 44. Kd3 Rd4+ 45. Kc2 Rg4 46. b4 Rxg5 47. Ne2 Kd7 48. Kd3 h5 49. b5 Kc7 50. b6+ Kb7 51. Kc4 Rg2 0-1

[Event "CalChess-ch"]
[Site "Monterey Park"]
[Date "2002.04.07"]
[Round "5"]
[White "Tan, Derek J"]
[Black "Lin, Derek"]
[Result "1-0"]
[WhiteElo "1223"]
[BlackElo "1033"]
[PlyCount "83"]
[EventDate "2002.??.??"]
[EventType "swiss"]
[EventRounds "6"]
[EventCountry "USA"]
[SourceTitle "EXT 2007"]
[Source "ChessBase"]
[SourceDate "2006.11.23"]
[SourceVersion "1"]
[SourceVersionDate "2006.11.23"]
[SourceQuality "1"]

1. e4 e5 2. Nf3 d5 3. exd5 Bd6 4. Bc4 Nf6 5. c3 0-0 6. d4 exd4 7. cxd4 Re8+ 8. Be3 c6 9. dxc6 Nxc6 10. 0-0 Bg4 11. h3 Bxf3 12. Qxf3 Nb4 13. Qxb7 Nc2 14. Bxf7+ Kf8 15. Bxe8 Qxe8 16. Nc3 Nxe3 17. Rfe1 Rb8 18. Qa6 Qd7 19. Rxe3 Rxb2 20. Rb1 Rxb1+ 21. Nxb1 Qc7 22. Rc3 Qb8 23. Rc8+ Qxc8 24. Qxc8+ Ne8 25. Nc3 Ba3 26. Nd5 Bd6 27. g4 Kf7 28. Qd7+ Kf8 29. g5 a6 30. Nf6 gxf6 31. gxf6 Nxf6 32. Qxd6+ Kg8 33. Qxf6 a5 34. h4 h5 35. Qg6+ Kh8 36. Qxh5+ Kg7 37. Qf5 a4 38. h5 a3 39. Qe6 Kh8 40. Qe7 Kg8 41. h6 Kh8 42. Qg7# 1-0